000 00875cam a22002774a 4500
001 17089864
003 OSt
005 20170803214504.0
008 111219s2013 nyua 000 0 eng
010 _a 2011047732
020 _a9780073376226
040 _aDLC
_cDLC
_dDLC
042 _apcc
050 0 0 _aTK5105
_b.F6617 2013
082 0 0 _a004.6
_223
_bFBD
100 1 _aForouzan, Behrouz A.
_94862
245 1 0 _aData communications and networking /
_cBehrouz A. Forouzan.
250 _a5th ed.
260 _aNew York, NY :
_bMcGraw-Hill,
_cc2013.
300 _axxxvii, 1226 p. :
_bill. ;
_c24 cm.
650 0 _aData transmission systems.
_958522
650 0 _aComputer networks.
_958523
906 _a7
_bcbc
_corignew
_d1
_eecip
_f20
_gy-gencatlg
942 _2ddc
_cBOOK
999 _c40431
_d310051